000 00527nam a22001937a 4500
999 _c1798
_d1798
003 OSt
005 20191007104921.0
008 150520b xxu||||| |||| 00| 0 eng d
020 _a0412628201
040 _cDNLM
082 _aW18 N721r 1996
100 _aNio Ong Bie
_94724
245 _aRapid Appraisal and Health Policy
260 _aLondon:
_bChapman & Hall ;
_c1996
300 _ax, 140 P :
_bill ;
_c26 cm
504 _aIncludes bibliographical references and index
650 _aHealth Policy
_94725
942 _2z
_cSLOAN